Регионална библиотека "Любен Каравелов" - Русе

Blaser-sinfonien fur zwei klarinetten, zwei Horner und Fagotte (Запис номер 350735)

MARC детайли
000 -Лидер
Контролно поле с фиксирана дължина 01199ncm a2200361 a 4500
003 - Код на организацията, давaща контролен номер
Контролно поле BLK
005 - Дата и час на последна редакция
Контролно поле 20250329160042.0
008 - Елементи от данни с фиксирана дължина
fixed length control field 200402b bu ||||| |||| 00| 0 bu d
040 ## - Източник на каталожния запис
Идентификатор на билиотеката - собственик на записа BLK
041 ## - Код за език
Код за езика на текст/звукозапис или на отделно заглавие Български
Код за езика КДБФ Български
080 ## - УДК
Текстов определител УДК Музика за духови инструменти
УДК код - определител по УДК 788
УДК - код + определител 788
100 ## - Редна дума - Автор
Автор Бах, Йохан Кристиян
R(LIN) 361892
139 ## - Редно поле
Редна дума Бах, Йохан Кристиян
Авторски знак Бах - Б 30
245 ## - Сведения за заглавието
Заглавие Blaser-sinfonien fur zwei klarinetten, zwei Horner und Fagotte
Редно поле (дума) Jon. Christian Bach; съст. Fritz Stein
Заглавие на том Heft 2
Версия Nr. 4-6
260 ## - Област на издателските данни
9 (RLIN) 402638
Място на издаване, разпространение и проч. Leipzig
Име на издателя, разпространителя и проч. Friedrich Hofmeister
Година на издаване s.a.
300 ## - Физическа характеристика
Страници 56 с.
Размери/Мащаб 30 см
380 ## - Жанр
Жанр Изкуство
490 ## - СЕРИИ (Колекции)
9 (RLIN) 403029
Име на серия Hofmeister Studienwerke
650 #7 - Допълнително описание по предмет – тема
Основно описание – тема или топоним Симфонична музика
Източник на редна или ключова дума
9 (RLIN) 162974
650 #0 - Допълнително описание по предмет – тема
Основно описание – тема или топоним Духови музикални инструменти
9 (RLIN) 275013
700 ## - Други автори (авторска отговорност)
9 (RLIN) 1525
Лично име Stein, Fritz
Автороска отговорност (Описва отношението между автора и произведението) състав. и предг. от
852 ## - Местоположение
Форматна сигнатура Цб М II 9518
Фондова буква Хранилище
999 ## - СИСТЕМНИ КОНТРОЛНИ НОМЕРА
Koha biblionumber 350735
Koha biblioitemnumber 350735
942 ## - АРТИКУЛИ
Вид на библиотечния материал Нотни издания
Скрит в OPAC Не
Периодичен библиозапис Да
944 ## - СЪЗДАВАНЕ И РЕДАКЦИЯ на ЗАПИСА
Създаване/Редакция Създаване
Дата на регистрацията/редакция 2020-04-02
Служител, извършил регистрацията/редакцията 30560
Статус, дата на статуса Геновева Генчева
999 ## - СИСТЕМНИ КОНТРОЛНИ НОМЕРА
Koha biblioitemnumber 350735
999 ## - СИСТЕМНИ КОНТРОЛНИ НОМЕРА
Koha biblioitemnumber 350735
999 ## - СИСТЕМНИ КОНТРОЛНИ НОМЕРА
Koha biblioitemnumber 350735
999 ## - СИСТЕМНИ КОНТРОЛНИ НОМЕРА
Koha biblioitemnumber 350735
999 ## - СИСТЕМНИ КОНТРОЛНИ НОМЕРА
Koha biblioitemnumber 350735
999 ## - СИСТЕМНИ КОНТРОЛНИ НОМЕРА
Koha biblioitemnumber 350735
999 ## - СИСТЕМНИ КОНТРОЛНИ НОМЕРА
Koha biblioitemnumber 350735
999 ## - СИСТЕМНИ КОНТРОЛНИ НОМЕРА
Koha biblioitemnumber 350735
Наличности
Код за отписване Код за изгубен артикул Източник на класификационната схема Код за повреда Коз за рестрикции Код за отдаване Артикулен № Име на библиотеката - собственик Име на библиотеката, в която се намира в момента Статус (Текущо местоположение) Дата на вписване в системата Местоположение - отдел Цена в лева Инвентарен номер Систематично азбучна сигнатура Баркод Цена в евро Служебен тип на артикула
  Не е изгубен Universal Decimal Classification Не е повреден без рестрикции заемане за дома 759027 Регионална библиотека "Любен Каравелов" Русе Регионална библиотека "Любен Каравелов" Русе Отдел Изкуство - подръчен фонд 2020-04-06 Отдел Изкуство - подръчен фонд 3.10 379724 788/Б 30 И 120000379724 1.59 Нотни издания
Vip Innovations Ltd, Rousse, Bulgaria 2025